Countries With the Most Greek Speakers - Statistics

General Stats
  • This quiz has been taken 4,176 times
  • The average score is 8 of 10
Answer Stats
# Speakers % Country % Correct
10,318,800 99.1 Greece
100%
365,000 0.11 United States
94%
965,800 80.9 Cyprus
92%
109,000 0.18 Italy
86%
254,000 0.37 United Kingdom
85%
215,000 7.47 Albania
84%
120,000 0.31 Canada
79%
93,000 1.33 Bulgaria
76%
363,600 0.43 Germany
73%
252,000 0.98 Australia
67%
No matching quizzes found
Score Distribution
Percent of People with Each Score
Percentile by Number Answered
Your Score History
You have not taken this quiz